000 00251nam a2200085Ia 4500
245 0 _aFeet of the chameleon : the story of African football
100 _a Hawkey Ian London, 2009
_982899
942 _cBK
008 210817s9999 xx 000 0 und d
999 _c300812
_d300811